000 00735nam a2200289Ia 4500
005 20260324120216.0
008 008 260324s9999 xx 000 0 eng d
020 _a9780429225987
037 _aEBOOK
040 _aCRL
040 _beng
040 _cCRL
041 _2eng
041 _aeng
084 _qCRL
100 _aWilli H. Hager
_91157657
245 0 _aHydraulicians in the USA 1800-2000
245 2 _bA biographical dictionary of leaders in hydraulic engineering and fluid mechanics
260 _bTaylor and Francis
260 _c2015
365 _a
365 _b465
856 _uhttp://www.taylorfrancis.com/books/9780429225987
942 _cEBOOK
999 _c1749067
_d1749067